000 01653nam a2200481 i 4500
001 46821
003 KOSZ 005
005 20220427133619.0
008 050602s2005 pl |000 0 pol
015 _aUWD 2005/10690
020 _a8372852200
035 _a991027146579705066
035 _a(PL-WaBN)b17365697-48omnis_nlop
035 _ab17365697
035 _a(OCoLC)749957140
035 _a(PL)b0000001736569
035 _a(EXLNZ-48OMNIS_NETWORK)9910001046305606
040 _aWA N
_cWA N
_dKOSZ 005/HR
041 0 _apol
046 _k2005
080 _a351.765
080 _a341.22
080 _a349.6
100 1 _aBiałocerkiewicz, Jan
_d(1945-2008)
_eAutor
245 1 0 _aStatus prawny zwierząt :
_b(prawa zwierząt czy prawna ochrona zwierząt) /
_cJan Białocerkiewicz.
260 _aToruń :
_bTowarzystwo Naukowe Organizacji i Kierownictwa "Dom Organizatora",
_c2005.
300 _a319, [1] s. ;
_c24 cm.
336 _aTekst
_btxt
_2rdacontent
337 _aBez urządzenia pośredniczącego
_bn
_2rdamedia
338 _aWolumin
_bnc
_2rdacarrier
380 _aKsiążki
388 _a2001-
504 _aBibliogr. s. 309-319.
650 7 _aPrawa zwierząt
_2DBN
650 7 _aOchrona zwierząt
_2DBN
650 7 _aPrawo międzynarodowe
658 _aOchrona środowiska
658 _aPrawo i wymiar sprawiedliwości
710 2 _aDom Organizatora w Toruniu (Towarzystwo Naukowe Organizacji i Kierownictwa)
_4pbl
856 _uhttp://koha.tu.koszalin.pl/cgi-bin/koha/opac-detail.pl?biblionumber=46821
_yKatalog online BPK
942 _2UKD
_cKS
999 _c46821
_d46821